000 01215nam a2200229Ia 4500
001 11440
003 GE_BSU
008 181216s||||||||xx |||||||||||||| ||und||
040 _cGE_BSU
080 _a634.6
100 _aბარათაშვილი,დ; ნ,ხალვაში.
245 _aკივი. გამრავლებისა და მოვლა-მოყვანის მეცნიერული და პრაქტიკული რეკომენდაციები.
245 _bგამრავლებისა და მოვლა-მოყვანის მეცნიერული და პრაქტიკული რეკომენდაციები.
245 _cრედ:გ.მემარნე.
260 _aბათუმი.
260 _bშოთა რუსთაველის სახ.უნ-ტი.
260 _c2009.
300 _a51გვ;20სმ.ილ.
653 _aგამრავლებისა და მოვლა-მოყვანის მეცნიერული და პრაქტიკული რეკომენდაციები.
653 _aკივი.
942 _cBK
999 _c44637
_d44637